[Event "Landesklasse Ost 2011/2012"]
[Site "?"]
[Date "2011.11.06"]
[Round "3"]
[White "Schneider, Thomas"]
[Black "Barth, Christian"]
[Result "1/2-1/2"]
[WhiteElo "1837"]
[BlackElo "1788"]
[PlyCount "83"]
[EventDate "2011.??.??"]
[WhiteTeam "Erfurter Schachklub"]
[BlackTeam "TSV Zeulenroda"]

1. d4 d5 2. Nf3 Bf5 3. c4 e6 4. Nc3 Nf6 5. Bg5 c6 6. e3 Nbd7 7. Bd3 Bg4 8. O-O
Be7 9. h3 Bh5 10. Rb1 dxc4 11. Bxc4 e5 12. dxe5 Bxf3 13. Qxf3 Nxe5 14. Qe2 Nxc4
15. Qxc4 O-O 16. Rfd1 Qc7 17. Bxf6 Bxf6 18. Nd5 Qe5 19. Nxf6+ Qxf6 20. Rd7 Rab8
21. Qb3 Qf5 22. Rbd1 Qb5 23. Qxb5 cxb5 24. Rc1 Rfd8 25. Rxd8+ Rxd8 26. Rc7 Rb8
27. Kf1 Kf8 28. Ke2 a6 29. Kd3 b6 30. b4 Rd8+ 31. Kc2 a5 32. bxa5 bxa5 33. Rc5
Rb8 34. a4 bxa4 35. Rxa5 Rb4 36. Ra7 g6 37. g3 Kg7 38. h4 Kf6 39. Ra5 h6 40.
Kc3 Rb3+ 41. Kc2 Rb4 42. Kc3 1/2-1/2

[Event "Landesklasse Ost 2011/2012"]
[Site "?"]
[Date "2011.11.06"]
[Round "3"]
[White "Wolfram, Thomas"]
[Black "August, Christian"]
[Result "1/2-1/2"]
[WhiteElo "1788"]
[BlackElo "1942"]
[PlyCount "84"]
[EventDate "2011.??.??"]
[WhiteTeam "TSV Zeulenroda"]
[BlackTeam "Erfurter Schachklub"]

1. d4 Nf6 2. e3 d5 3. f4 Bg4 4. Nf3 e6 5. Be2 Be7 6. O-O O-O 7. Ne5 Bxe2 8.
Qxe2 c5 9. Nd2 Nc6 10. c3 Rc8 11. Qf3 Ne8 12. dxc5 Nxe5 13. fxe5 Bxc5 14. Nb3
f5 15. Nd4 Qd7 16. g4 fxg4 17. Qxg4 Rxf1+ 18. Kxf1 Qf7+ 19. Ke2 Nc7 20. Bd2 Rf8
21. Rg1 Qf2+ 22. Kd1 Rf7 23. Rg2 Qf1+ 24. Kc2 Bxd4 25. exd4 Qf5+ 26. Qxf5 Rxf5
27. a4 Kf7 28. b3 g6 29. c4 Rf3 30. Rg3 Rf2 31. h3 Ke8 32. Kc3 Kd7 33. Rd3 Kc6
34. Be1 Rf1 35. Kd2 Ne8 36. Ke2 Rf7 37. Rf3 Rxf3 38. Kxf3 Ng7 39. c5 Nf5 40.
Bf2 h6 41. h4 a6 42. Ke2 Kd7 1/2-1/2

[Event "Landesklasse Ost 2011/2012"]
[Site "?"]
[Date "2011.11.06"]
[Round "3"]
[White "Friedt, Marius"]
[Black "Werner, Daniel"]
[Result "1-0"]
[WhiteElo "1766"]
[BlackElo "1695"]
[PlyCount "215"]
[EventDate "2011.??.??"]
[WhiteTeam "Erfurter Schachklub"]
[BlackTeam "TSV Zeulenroda"]

1. e4 e5 2. Nf3 Nc6 3. d3 Nf6 4. Nc3 d6 5. Be2 Be7 6. h3 O-O 7. O-O a6 8. Be3
Ne8 9. Nd5 f5 10. Nxe7+ Qxe7 11. Bg5 Qf7 12. exf5 Bxf5 13. Nh4 Be6 14. Bh5 Qd7
15. Qd2 Nf6 16. Be2 Nd4 17. f4 Nxe2+ 18. Qxe2 exf4 19. Bxf4 Rae8 20. Qd2 Nh5
21. Bh2 Qd8 22. Nf3 Bd5 23. Nd4 Rxf1+ 24. Rxf1 g6 25. c4 Bf7 26. Qf2 Qe7 27. g4
Ng7 28. Bf4 c5 29. Bxd6 Qxd6 30. Qxf7+ Kh8 31. Ne2 Qe6 32. Qf8+ Qg8 33. Qf3 Ne6
34. Qxb7 Ng5 35. Nf4 Rf8 36. Qe7 Rxf4 37. Rxf4 Nxh3+ 38. Kh1 Nxf4 39. Qe5+ Qg7
40. Qxf4 h6 41. Qf2 Qe7 42. d4 cxd4 43. Qxd4+ Kh7 44. c5 Qe1+ 45. Kg2 Qe2+ 46.
Kg3 Qe6 47. a4 g5 48. Qd3+ Kg8 49. Qc3 Qc6 50. Qc4+ Kf8 51. Qd4 Ke8 52. Qe5+
Kf7 53. b3 Qb7 54. Qf5+ Kg7 55. Qd3 Qb8+ 56. Kh3 Qf4 57. Qd7+ Kg8 58. Qe6+ Kg7
59. Qe2 Qf6 60. Qd3 Qc6 61. Qd4+ Kf7 62. Kg3 a5 63. Qe5 Qb7 64. Qf5+ Kg7 65.
Qe5+ Kf7 66. Qe3 Qc7+ 67. Kf3 Qc6+ 68. Kf2 Kg6 69. Qd3+ Kg7 70. Qd4+ Kf7 71.
Qc4+ Ke7 72. Ke3 Kf6 73. Qd4+ Kf7 74. Kd3 Qf3+ 75. Kc4 Ke7 76. Qe5+ Kf8 77.
Qd6+ Ke8 78. Qe6+ Kf8 79. Qxh6+ Kf7 80. Qxg5 Qe2+ 81. Kc3 Qf3+ 82. Kb2 Qe2+ 83.
Ka3 Qe1 84. Qd5+ Ke8 85. Qg8+ Kd7 86. Qg7+ Ke8 87. Qg6+ Kf8 88. Qc2 Qb4+ 89.
Ka2 Qxg4 90. c6 Ke8 91. c7 Qc8 92. Qc6+ Ke7 93. Qc5+ Kd7 94. Qxa5 Kd6 95. Qb6+
Kd7 96. Qc5 Qxc7 97. Qxc7+ Kxc7 98. Ka3 Kb6 99. Kb4 Ka6 100. Kc5 Kb7 101. Kb5
Ka7 102. Kc6 Ka6 103. b4 Ka7 104. b5 Kb8 105. a5 Ka7 106. b6+ Kb8 107. b7 Ka7
108. Kc7 1-0

[Event "Landesklasse Ost 2011/2012"]
[Site "?"]
[Date "2011.11.06"]
[Round "3"]
[White "Riemer, Marion"]
[Black "Rosenhan, Jonas"]
[Result "1-0"]
[WhiteElo "1733"]
[BlackElo "1630"]
[PlyCount "49"]
[EventDate "2011.??.??"]
[WhiteTeam "TSV Zeulenroda"]
[BlackTeam "Erfurter Schachklub"]

1. e4 c5 2. d4 cxd4 3. c3 dxc3 4. Nxc3 Nc6 5. Nf3 e6 6. Bc4 d6 7. O-O Be7 8.
Qe2 a6 9. Rd1 Qc7 10. Bf4 Na5 11. Nd5 exd5 12. Bxd5 Nf6 13. e5 Nxd5 14. Rxd5
Qc4 15. Qd2 Nc6 16. exd6 Be6 17. Rd3 Bf6 18. Rc1 Qb4 19. d7+ Kd8 20. Bc7+ Kxc7
21. Qxb4 a5 22. Qd6+ Kd8 23. Rxc6 bxc6 24. Qxc6 Bxb2 25. Qxa8+ 1-0

[Event "Landesklasse Ost 2011/2012"]
[Site "?"]
[Date "2011.11.06"]
[Round "3"]
[White "Jacobi, Siegfried"]
[Black "Wiedemann, Volker"]
[Result "0-1"]
[WhiteElo "1880"]
[BlackElo "1833"]
[PlyCount "72"]
[EventDate "2011.??.??"]
[WhiteTeam "Erfurter Schachklub"]
[BlackTeam "TSV Zeulenroda"]

1. b4 Nf6 2. Bb2 e6 3. a3 a5 4. b5 d5 5. e3 c6 6. c4 dxc4 7. bxc6 Nxc6 8. Bxc4
Be7 9. Nf3 Qb6 10. Qc2 Bd7 11. Nc3 Rc8 12. Be2 O-O 13. O-O h6 14. Rfc1 Na7 15.
Rab1 Qc7 16. Qb3 Bc6 17. Nd4 Rfd8 18. Ncb5 Nxb5 19. Nxc6 bxc6 20. Bxb5 Qd7 21.
Ba4 Rb8 22. Qc2 Qxd2 23. Bxf6 Qxc2 24. Bxc2 gxf6 25. a4 Rb4 26. Kf1 c5 27. Ke2
c4 28. Bd1 c3 29. Ke1 Rb2 30. Bc2 Bb4 31. Kf1 Rd2 32. Be4 Ra2 33. Ra1 Rxa1 34.
Rxa1 c2 35. Bf3 Ba3 36. Ke1 c1=Q+ 0-1

[Event "Landesklasse Ost 2011/2012"]
[Site "?"]
[Date "2011.11.06"]
[Round "3"]
[White "Prütting, Peter"]
[Black "Meichsner, Marwin"]
[Result "1-0"]
[WhiteElo "1730"]
[BlackElo "1527"]
[PlyCount "55"]
[EventDate "2011.??.??"]
[WhiteTeam "TSV Zeulenroda"]
[BlackTeam "Erfurter Schachklub"]

1. e4 c5 2. Nf3 Nc6 3. d4 cxd4 4. Nxd4 g6 5. Nc3 Bg7 6. Be3 d6 7. Bc4 Nf6 8. f3
Bd7 9. Qd2 O-O 10. O-O-O Qa5 11. h4 Rfc8 12. Nb3 Qd8 13. Nd5 Nxd5 14. Bxd5 Qc7
15. Bxc6 Qxc6 16. h5 Rc7 17. Kb1 Rac8 18. Rc1 Qa6 19. hxg6 fxg6 20. g4 Rc4 21.
Qh2 Be6 22. Qxh7+ Kf8 23. Bh6 Bxh6 24. Rxh6 Rxc2 25. Qh8+ Bg8 26. Rxc2 Rxc2 27.
Kxc2 Qc4+ 28. Qc3 1-0

[Event "Landesklasse Ost 2011/2012"]
[Site "?"]
[Date "2011.12.04"]
[Round "4"]
[White "Puschendorf, Steffen"]
[Black "Moje, Hans-Jürgen"]
[Result "1-0"]
[WhiteElo "2077"]
[BlackElo "1833"]
[PlyCount "51"]
[EventDate "2011.??.??"]
[WhiteTeam "ESV Gera"]
[BlackTeam "SV Hermsdorf"]

1. d4 d5 2. c4 e6 3. Nf3 Nf6 4. g3 c5 5. Bg2 dxc4 6. O-O Nc6 7. Ne5 Nxe5 8.
dxe5 Qxd1 9. Rxd1 Nd7 10. f4 Be7 11. Na3 Nb6 12. Nb5 O-O 13. a4 a6 14. Nd6 Rd8
15. Be3 Bxd6 16. exd6 Nd7 17. Rac1 Rb8 18. Rxc4 b5 19. axb5 axb5 20. Rcc1 c4
21. Ba7 Rb7 22. Bxb7 Bxb7 23. Ra1 Bd5 24. Bd4 f5 25. Ra7 Nf6 26. Be5 1-0

[Event "Landesklasse Ost 2011/2012"]
[Site "?"]
[Date "2011.12.04"]
[Round "4"]
[White "Hadlich, Gerald"]
[Black "Schmidt, Frank"]
[Result "0-1"]
[WhiteElo "1839"]
[BlackElo "1937"]
[PlyCount "52"]
[EventDate "2011.??.??"]
[WhiteTeam "SV Hermsdorf"]
[BlackTeam "ESV Gera"]

1. e4 e6 2. d4 d5 3. Nd2 Nc6 4. Ngf3 Nf6 5. e5 Nd7 6. Nb3 f6 7. exf6 Qxf6 8.
Bg5 Qf7 9. Bb5 Bd6 10. O-O O-O 11. h3 e5 12. dxe5 Ndxe5 13. Nxe5 Nxe5 14. Be3
c6 15. Be2 Qc7 16. Bc5 Ng6 17. Bxd6 Qxd6 18. Bg4 Bxg4 19. Qxg4 Rf4 20. Qg3 Raf8
21. c3 Qf6 22. Rae1 Rf5 23. Qe3 Rg5 24. Kh1 Nh4 25. g3 Re5 26. Qxe5 Qf3+ 0-1

[Event "Landesklasse Ost 2011/2012"]
[Site "?"]
[Date "2011.12.04"]
[Round "4"]
[White "Hoffmann, Tim"]
[Black "Pietzsch, Gerhard"]
[Result "1/2-1/2"]
[WhiteElo "1895"]
[BlackElo "1787"]
[PlyCount "54"]
[EventDate "2011.??.??"]
[WhiteTeam "ESV Gera"]
[BlackTeam "SV Hermsdorf"]

1. e4 c5 2. Nf3 Nc6 3. d4 cxd4 4. Nxd4 e6 5. Nc3 a6 6. Be3 Qc7 7. Be2 Nf6 8.
O-O Be7 9. a4 b6 10. f4 O-O 11. e5 Ne8 12. Nxc6 dxc6 13. Bd3 g6 14. Qg4 c5 15.
b3 Ng7 16. Qf3 Bb7 17. Be4 Bxe4 18. Nxe4 Nf5 19. c4 Rad8 20. Rad1 Kg7 21. Bf2
h5 22. h3 Rxd1 23. Rxd1 Rd8 24. Qe2 Qc6 25. Rd3 Rxd3 26. Qxd3 h4 27. Kf1 a5
1/2-1/2

[Event "Landesklasse Ost 2011/2012"]
[Site "?"]
[Date "2011.12.04"]
[Round "4"]
[White "Hädrich, Dirk"]
[Black "Senf, Paul"]
[Result "1/2-1/2"]
[WhiteElo "1766"]
[BlackElo "1734"]
[PlyCount "76"]
[EventDate "2011.??.??"]
[WhiteTeam "SV Hermsdorf"]
[BlackTeam "ESV Gera"]

1. d4 f5 2. c4 Nf6 3. g3 g6 4. Bg2 Bg7 5. Nc3 O-O 6. Nh3 c6 7. O-O d6 8. f4 Ng4
9. e4 Qb6 10. e5 dxe5 11. c5 Qb4 12. dxe5 Qxc5+ 13. Kh1 Na6 14. Qb3+ Kh8 15.
Na4 Qb4 16. Qc2 Be6 17. Bd2 Qc4 18. Qxc4 Bxc4 19. Rfc1 Bg8 20. Bf3 Rad8 21. Rd1
Bd5 22. Bxd5 Rxd5 23. Nc3 Rd3 24. Be1 Rfd8 25. Rxd3 Rxd3 26. Rd1 Nc5 27. Nf2
Nxf2+ 28. Bxf2 Rxd1+ 29. Nxd1 b6 30. Bxc5 bxc5 31. Ne3 Kg8 32. Kg2 Kf7 33. Kf3
Ke6 34. Ke2 Kd7 35. b3 Kc7 36. Nc4 h6 37. h4 Kb7 38. Kf3 h5 1/2-1/2

[Event "Landesklasse Ost 2011/2012"]
[Site "?"]
[Date "2011.12.04"]
[Round "4"]
[White "Hilbig, Dieter"]
[Black "Markowski, Erhard"]
[Result "1/2-1/2"]
[WhiteElo "1858"]
[BlackElo "1704"]
[PlyCount "103"]
[EventDate "2011.??.??"]
[WhiteTeam "ESV Gera"]
[BlackTeam "SV Hermsdorf"]

1. e4 c5 2. Nf3 Nc6 3. d4 cxd4 4. Nxd4 g6 5. Nc3 Bg7 6. Be3 Nf6 7. Bc4 O-O 8.
Bb3 Na5 9. Qd2 Nxb3 10. Nxb3 d6 11. O-O-O Bd7 12. f4 Bc6 13. Qd3 Ng4 14. Bg1
Bh6 15. Qg3 Qd7 16. h3 Nf6 17. Qh4 Bg7 18. e5 Ne4 19. Nxe4 Bxe4 20. exd6 exd6
21. Rh2 a5 22. g4 a4 23. Nd4 Qc7 24. Qe1 d5 25. Be3 Qc4 26. Kb1 b5 27. Qf1 a3
28. Qxc4 bxc4 29. b3 Rfc8 30. Rc1 Rab8 31. Ka1 cxb3 32. axb3 Rc3 33. Bg1 Rbxb3
34. Re1 Rb4 35. Rd2 Rxh3 36. c3 Ra4 37. Ka2 Rg3 38. g5 h5 39. Kb3 Ra8 40. Ra1
Bf8 41. Nc2 Bd6 42. Bh2 Rd3 43. Rxd3 Bxd3 44. Nxa3 Bc4+ 45. Kb2 Bxa3+ 46. Rxa3
Rxa3 47. Kxa3 Kg7 48. Kb4 f6 49. Kc5 Kf7 50. Kd6 h4 51. Bg1 Bb3 52. Bh2 1/2-1/2

[Event "Landesklasse Ost 2011/2012"]
[Site "?"]
[Date "2011.12.04"]
[Round "4"]
[White "Pietsch, Karsten"]
[Black "Steinmüller, Johannes"]
[Result "1/2-1/2"]
[WhiteElo "1669"]
[BlackElo "1767"]
[PlyCount "55"]
[EventDate "2011.??.??"]
[WhiteTeam "SV Hermsdorf"]
[BlackTeam "ESV Gera"]

1. d4 Nf6 2. c4 g6 3. Nc3 d5 4. cxd5 Nxd5 5. e4 Nxc3 6. bxc3 c5 7. Bc4 Bg7 8.
Be3 Nc6 9. Ne2 cxd4 10. cxd4 O-O 11. O-O Bg4 12. f3 Na5 13. Bd3 Be6 14. d5 Bxa1
15. Qxa1 f6 16. Bh6 Re8 17. Kh1 Bf7 18. Bb5 Rc8 19. Bxe8 Qxe8 20. e5 Bxd5 21.
exf6 exf6 22. Qxf6 Qf7 23. Qd4 Nc6 24. Qb2 Re8 25. Nc3 Qf6 26. Qd2 Bc4 27. Rc1
Rd8 28. Ne4 1/2-1/2

[Event "Landesklasse Ost 2011/2012"]
[Site "?"]
[Date "2011.12.04"]
[Round "4"]
[White "Kupper, Matthias"]
[Black "Hirsch, Ronny"]
[Result "1-0"]
[WhiteElo "1746"]
[BlackElo "1578"]
[PlyCount "72"]
[EventDate "2011.??.??"]
[WhiteTeam "ESV Gera"]
[BlackTeam "SV Hermsdorf"]

1. e4 c5 2. Nf3 e6 3. d4 cxd4 4. Nxd4 a6 5. a3 Nc6 6. Nc3 Nge7 7. Bc4 Nxd4 8.
Qxd4 Nc6 9. Qd1 b5 10. Bb3 Bb7 11. O-O Qc7 12. Be3 Be7 13. f4 O-O 14. Rf3 Na5
15. Rh3 Nxb3 16. Qh5 h6 17. cxb3 f5 18. b4 fxe4 19. Qg4 Rf5 20. Ne2 Kh7 21. Ng3
Rf6 22. f5 exf5 23. Nxf5 Rg6 24. Qh5 Bf8 25. Rf1 Qe5 26. Qe2 Be7 27. Rh5 Bg5
28. Bxg5 Rxg5 29. Rxg5 hxg5 30. Qh5+ Kg8 31. Qxg5 Re8 32. Qg6 Bd5 33. Rf4 e3
34. Nh6+ Kh8 35. Rh4 Rf8 36. Nf7+ Kg8 1-0

[Event "Landesklasse Ost 2011/2012"]
[Site "?"]
[Date "2011.12.04"]
[Round "4"]
[White "Liebisch, Dieter"]
[Black "Pähtz, Thomas"]
[Result "0-1"]
[WhiteElo "1963"]
[BlackElo "2361"]
[PlyCount "72"]
[EventDate "2011.??.??"]
[WhiteTeam "MTV 1876 Saalfeld"]
[BlackTeam "ESV Lok Sömmerda"]

1. d4 e6 2. Bf4 c5 3. e3 Qb6 4. b3 Nf6 5. c3 Nc6 6. Bd3 Nd5 7. Bg3 cxd4 8. exd4
Nxd4 9. Bc4 Nf5 10. Bxd5 exd5 11. Ne2 d6 12. Qxd5 Qc6 13. Qxc6+ bxc6 14. Bf4
Be7 15. Ng3 Nh4 16. O-O g5 17. Be3 O-O 18. Nd2 f5 19. f4 g4 20. Rfd1 Ba6 21.
Nh5 Kf7 22. c4 c5 23. Nf1 Bb7 24. Rd2 a5 25. a4 Ra6 26. Nfg3 Rb8 27. Raa2 Rb6
28. Rd3 Bc6 29. Bd2 Rxb3 30. Rxb3 Rxb3 31. Bxa5 Bxg2 32. Nxf5 Rb1+ 33. Kf2 Rf1+
34. Ke2 Nxf5 35. Bc3 Rf3 36. Ba1 Bf1+ 0-1

[Event "Landesklasse Ost 2011/2012"]
[Site "?"]
[Date "2011.12.04"]
[Round "4"]
[White "Wanzek, Daniel"]
[Black "Petzold, Thomas"]
[Result "1-0"]
[WhiteElo "2093"]
[BlackElo "1886"]
[PlyCount "55"]
[EventDate "2011.??.??"]
[WhiteTeam "ESV Lok Sömmerda"]
[BlackTeam "MTV 1876 Saalfeld"]

1. e4 c5 2. Nc3 d6 3. g3 Nc6 4. Bg2 g6 5. d3 Bg7 6. f4 e6 7. Nf3 Nge7 8. O-O
O-O 9. Be3 Nd4 10. e5 Nxf3+ 11. Qxf3 d5 12. Bxc5 Re8 13. g4 Bd7 14. d4 b5 15.
a3 a5 16. Bh3 f5 17. exf6 Bxf6 18. f5 gxf5 19. gxf5 Rf8 20. Kh1 b4 21. axb4
axb4 22. Rxa8 Qxa8 23. Bxb4 Qc6 24. Qg4+ Kh8 25. fxe6 Bc8 26. Rxf6 Rxf6 27.
Bxe7 Rg6 28. Qf4 1-0

[Event "Landesklasse Ost 2011/2012"]
[Site "?"]
[Date "2011.12.04"]
[Round "4"]
[White "Krämer, Alexander"]
[Black "Kühn, Martin"]
[Result "1/2-1/2"]
[WhiteElo "1861"]
[BlackElo "1943"]
[PlyCount "84"]
[EventDate "2011.??.??"]
[WhiteTeam "MTV 1876 Saalfeld"]
[BlackTeam "ESV Lok Sömmerda"]

1. d4 d5 2. c4 Nc6 3. Nf3 Bg4 4. Bf4 Nf6 5. e3 e6 6. Nc3 Be7 7. Qb3 Na5 8. Qa4+
c6 9. c5 Nh5 10. Ne5 Nxf4 11. Nxg4 Ng6 12. f4 O-O 13. b4 Nc4 14. Bxc4 dxc4 15.
b5 Nxf4 16. O-O Nd5 17. Nd1 cxb5 18. Qxb5 c3 19. Qd3 Rc8 20. Nxc3 Nxc3 21. Qxc3
b6 22. c6 Qd5 23. Rfc1 Rc7 24. Qb3 Qg5 25. Ne5 Rfc8 26. Rc3 Bd6 27. Nf3 Qf5 28.
Rac1 h6 29. a4 g5 30. Qb5 Qd5 31. Nd2 f5 32. Nc4 Qxc6 33. Nxd6 Qxd6 34. Rxc7
Rxc7 35. Rxc7 Qxc7 36. Qe8+ Kg7 37. Qxe6 Qc1+ 38. Kf2 Qd2+ 39. Kf1 Qd1+ 40. Kf2
Qd2+ 41. Kf1 Qd1+ 42. Kf2 Qd2+ 1/2-1/2

[Event "Landesklasse Ost 2011/2012"]
[Site "?"]
[Date "2011.12.04"]
[Round "4"]
[White "Siegemund, Joachim"]
[Black "Wagner, Ronald"]
[Result "1-0"]
[WhiteElo "2043"]
[BlackElo "1761"]
[PlyCount "65"]
[EventDate "2011.??.??"]
[WhiteTeam "ESV Lok Sömmerda"]
[BlackTeam "MTV 1876 Saalfeld"]

1. c4 Nf6 2. Nc3 g6 3. d4 Bg7 4. e4 d6 5. Nf3 O-O 6. Bd3 e5 7. d5 a5 8. O-O Na6
9. h3 Nc5 10. Be3 Nxd3 11. Qxd3 Nh5 12. c5 Nf4 13. Bxf4 exf4 14. cxd6 cxd6 15.
Rfe1 Re8 16. Rac1 f5 17. Nd4 fxe4 18. Nxe4 Be5 19. b3 Bd7 20. Nb5 Bxb5 21. Qxb5
f3 22. Qxb7 fxg2 23. Kxg2 Qh4 24. Qd7 Qf4 25. Rc4 Rf8 26. Re3 Qh2+ 27. Kf1 Qh1+
28. Ke2 Rad8 29. Qe6+ Kh8 30. Rc7 Qa1 31. Qe7 Qxa2+ 32. Kf1 Qa1+ 33. Re1 1-0

[Event "Landesklasse Ost 2011/2012"]
[Site "?"]
[Date "2011.12.04"]
[Round "4"]
[White "Müller, Robert"]
[Black "Kalisch, Michael"]
[Result "1/2-1/2"]
[WhiteElo "1726"]
[BlackElo "1926"]
[PlyCount "61"]
[EventDate "2011.??.??"]
[WhiteTeam "MTV 1876 Saalfeld"]
[BlackTeam "ESV Lok Sömmerda"]

1. e4 c6 2. d4 d5 3. exd5 cxd5 4. Nf3 Nc6 5. Bd3 g6 6. O-O Bg7 7. c3 Nf6 8. Bf4
Bf5 9. Ne5 Bxd3 10. Nxd3 O-O 11. Nd2 e6 12. h3 Qe7 13. Bg5 Qc7 14. Bf4 Qe7 15.
Bg5 Qc7 16. Bf4 Qc8 17. Nf3 Ne4 18. Nfe5 b5 19. Nxc6 Qxc6 20. f3 Nd6 21. Bxd6
Qxd6 22. f4 Rfc8 23. Qe2 a5 24. Rfc1 b4 25. Ne5 bxc3 26. Rxc3 Rxc3 27. bxc3 Qa3
28. Qd2 Rb8 29. Rc1 Rb2 30. Rc2 Rb1+ 31. Kh2 1/2-1/2

[Event "Landesklasse Ost 2011/2012"]
[Site "?"]
[Date "2011.12.04"]
[Round "4"]
[White "Kirste, Olaf"]
[Black "Kania, Markus"]
[Result "1-0"]
[WhiteElo "1866"]
[BlackElo "1470"]
[PlyCount "47"]
[EventDate "2011.??.??"]
[WhiteTeam "ESV Lok Sömmerda"]
[BlackTeam "MTV 1876 Saalfeld"]

1. c4 Nf6 2. Nc3 g6 3. e4 d6 4. d4 Nbd7 5. f3 Bg7 6. Be3 O-O 7. Qd2 e5 8. Nge2
Ne8 9. O-O-O a6 10. g4 f6 11. h4 b5 12. Ng3 c6 13. h5 g5 14. h6 Bh8 15. Nf5 Nb6
16. dxe5 Nxc4 17. Bxc4+ bxc4 18. exd6 Bxf5 19. exf5 Rf7 20. Bc5 Rd7 21. Qe2 Qc8
22. Qxc4+ Kf8 23. Rhe1 Qb7 24. Re7 1-0

[Event "Landesklasse Ost 2011/2012"]
[Site "?"]
[Date "2011.12.04"]
[Round "4"]
[White "Krüger, Daniel"]
[Black "Steiner, Martin"]
[Result "1/2-1/2"]
[WhiteElo "1572"]
[BlackElo "1767"]
[PlyCount "71"]
[EventDate "2011.??.??"]
[WhiteTeam "MTV 1876 Saalfeld"]
[BlackTeam "ESV Lok Sömmerda"]

1. e4 c5 2. Nc3 d6 3. f4 e6 4. Nf3 Nc6 5. Bc4 Nge7 6. Qe2 Bd7 7. O-O g6 8. Nb5
Bc8 9. e5 Nf5 10. c3 a6 11. Na3 d5 12. Bd3 c4 13. Bb1 Bc5+ 14. Kh1 b5 15. Nc2
d4 16. d3 cxd3 17. Qxd3 Qb6 18. b4 Be7 19. g4 Ng7 20. Ncxd4 Bb7 21. Be3 Nxd4
22. Bxd4 Qc6 23. Qe3 h5 24. g5 h4 25. Bd3 Qd5 26. a4 Rd8 27. axb5 axb5 28. Qe2
Nh5 29. Ra5 Nxf4 30. Bxb5+ Kf8 31. Qe3 Qe4 32. Ba6 Qc2 33. Qxf4 h3 34. Qg3 Be4
35. Qf2 Bxf3+ 36. Qxf3 1/2-1/2

[Event "Landesklasse Ost 2011/2012"]
[Site "?"]
[Date "2011.12.04"]
[Round "4"]
[White "Krüger, Daniel"]
[Black "Steiner, Martin"]
[Result "1/2-1/2"]
[WhiteElo "1572"]
[BlackElo "1767"]
[PlyCount "50"]
[EventDate "2011.??.??"]
[WhiteTeam "ESV Lok Sömmerda"]
[BlackTeam "MTV 1876 Saalfeld"]

1. c4 e6 2. e4 c5 3. Nc3 Nc6 4. Nf3 a6 5. d4 cxd4 6. Nxd4 Nge7 7. Bg5 Nxd4 8.
Qxd4 Nc6 9. Qd2 Be7 10. Bxe7 Qxe7 11. Rd1 O-O 12. Qd6 Qxd6 13. Rxd6 b6 14. Be2
Rb8 15. O-O f6 16. Rfd1 Kf7 17. a3 Ke7 18. Bg4 Ne5 19. Be2 Nf7 20. R6d2 d6 21.
b4 Bb7 22. c5 bxc5 23. bxc5 Rfd8 24. cxd6+ Nxd6 25. f3 a5 1/2-1/2

[Event "Landesklasse Ost 2011/2012"]
[Site "?"]
[Date "2011.12.04"]
[Round "4"]
[White "Scheitz, Michael"]
[Black "Krüger, Rainer"]
[Result "1/2-1/2"]
[WhiteElo "1890"]
[BlackElo "2123"]
[PlyCount "73"]
[EventDate "2011.??.??"]
[WhiteTeam "SSV Vimaria 91 Weimar"]
[BlackTeam "Erfurter Schachklub"]

1. d4 Nf6 2. Nf3 g6 3. c4 Bg7 4. Nc3 d5 5. Bg5 Ne4 6. Bh4 Nxc3 7. bxc3 c5 8.
cxd5 Qxd5 9. e3 Nc6 10. Be2 cxd4 11. cxd4 e5 12. dxe5 Qa5+ 13. Qd2 Qxd2+ 14.
Nxd2 Nxe5 15. Rc1 Be6 16. Bb5+ Bd7 17. Bxd7+ Kxd7 18. Ke2 Rhc8 19. Ne4 Rxc1 20.
Rxc1 b6 21. Rd1+ Kc6 22. Bf6 Bxf6 23. Nxf6 h5 24. h3 a5 25. f4 Nc4 26. e4 Ra7
27. g4 hxg4 28. hxg4 b5 29. Rd8 Kc5 30. g5 a4 31. Nd5 Rb7 32. Kd3 Nb6 33. Nxb6
Rxb6 34. a3 b4 35. Rd5+ Kc6 36. axb4 Rxb4 37. f5 1/2-1/2

[Event "Landesklasse Ost 2011/2012"]
[Site "?"]
[Date "2011.12.04"]
[Round "4"]
[White "Streltsyn, Grygoriy"]
[Black "Weiß, Thomas"]
[Result "1-0"]
[WhiteElo "2125"]
[BlackElo "1920"]
[PlyCount "95"]
[EventDate "2011.??.??"]
[WhiteTeam "Erfurter Schachklub"]
[BlackTeam "SSV Vimaria 91 Weimar"]

1. Nf3 d5 2. d4 e6 3. Bg5 Be7 4. Bxe7 Qxe7 5. c3 Nf6 6. Nbd2 O-O 7. e3 Nbd7 8.
Ne5 Nxe5 9. dxe5 Nd7 10. Nf3 f6 11. exf6 Qxf6 12. Qd4 c5 13. Qxf6 gxf6 14.
O-O-O Ne5 15. Nxe5 fxe5 16. f3 Bd7 17. Bd3 Rac8 18. h4 b5 19. Rh3 Rf7 20. h5 a5
21. h6 b4 22. Rh5 bxc3 23. bxc3 d4 24. Rxe5 dxc3 25. Bc4 Rc7 26. Rxe6 Kf8 27.
Ra6 Re7 28. Rd3 a4 29. Ra8+ Re8 30. Rxe8+ Bxe8 31. Rxc3 Bf7 32. Bxf7 Kxf7 33.
Rc4 Kg6 34. Rxa4 Kxh6 35. Rg4 Kh5 36. Kc2 h6 37. Kc3 Ra7 38. a4 Ra5 39. Kb3 Ra7
40. Rc4 Rb7+ 41. Kc3 Rc7 42. a5 Kg5 43. Kb3 Kf5 44. Ka4 Ke5 45. a6 Kd5 46. Kb5
Kd6 47. Rh4 Kd5 48. Rh5+ 1-0

[Event "Landesklasse Ost 2011/2012"]
[Site "?"]
[Date "2011.12.04"]
[Round "4"]
[White "Latka, Robert"]
[Black "Troyke, Doreen"]
[Result "0-1"]
[WhiteElo "1563"]
[BlackElo "2053"]
[PlyCount "74"]
[EventDate "2011.??.??"]
[WhiteTeam "SSV Vimaria 91 Weimar"]
[BlackTeam "Erfurter Schachklub"]

1. e4 c5 2. Nf3 a6 3. c3 d6 4. d4 cxd4 5. cxd4 Nf6 6. Bd3 e6 7. O-O Be7 8. Nc3
O-O 9. Bf4 Nc6 10. e5 dxe5 11. dxe5 Nd5 12. Nxd5 Qxd5 13. Qc2 h6 14. Rad1 Qa5
15. a3 Rd8 16. Bh7+ Kh8 17. g4 g5 18. Bg3 Bd7 19. Rd3 Rac8 20. Qb1 Be8 21. Rfd1
Qa4 22. h3 Na5 23. Rd4 Rxd4 24. Rxd4 Qb3 25. Nd2 Qb6 26. Re4 Bxa3 27. Re3 Qxb2
28. Qd3 Be7 29. Rf3 Rd8 30. Qe4 Qxd2 31. Rxf7 Bxf7 32. Bg6 Qd5 33. Qxd5 exd5
34. Bxf7 Nc6 35. e6 Bd6 36. f4 Kg7 37. f5 Bxg3 0-1

[Event "Landesklasse Ost 2011/2012"]
[Site "?"]
[Date "2011.12.04"]
[Round "4"]
[White "Schneider, Thomas"]
[Black "Anschütz, Mario"]
[Result "1/2-1/2"]
[WhiteElo "1837"]
[BlackElo "1809"]
[PlyCount "40"]
[EventDate "2011.??.??"]
[WhiteTeam "Erfurter Schachklub"]
[BlackTeam "SSV Vimaria 91 Weimar"]

1. d4 e6 2. c4 d5 3. Nf3 f5 4. g3 Nf6 5. Bg2 c6 6. Qc2 Bd6 7. O-O O-O 8. Bf4
Nh5 9. Bxd6 Qxd6 10. e3 Nd7 11. c5 Qc7 12. Qc3 Nhf6 13. Nbd2 Ne4 14. Nxe4 fxe4
15. Nd2 e5 16. f3 exf3 17. Nxf3 e4 18. Ng5 Nf6 19. Rf4 h6 20. Nh3 Be6 1/2-1/2

[Event "Landesklasse Ost 2011/2012"]
[Site "?"]
[Date "2011.12.04"]
[Round "4"]
[White "Rost, Detlef"]
[Black "Rauhut, Frank"]
[Result "1/2-1/2"]
[WhiteElo "1860"]
[BlackElo "1900"]
[PlyCount "33"]
[EventDate "2011.??.??"]
[WhiteTeam "SV Medizin Erfurt"]
[BlackTeam "SV Jenapharm Jena"]

1. d4 Nf6 2. c4 d6 3. Nc3 e5 4. dxe5 dxe5 5. Qxd8+ Kxd8 6. g3 c6 7. Nf3 Nfd7 8.
a3 a5 9. Be3 f6 10. Rd1 Kc7 11. h4 Na6 12. Bh3 Bc5 13. Bxc5 Naxc5 14. b4 axb4
15. axb4 Na6 16. Rb1 Nb6 17. Bxc8 1/2-1/2

[Event "Landesklasse Ost 2011/2012"]
[Site "?"]
[Date "2011.12.04"]
[Round "4"]
[White "Böhm, Christian"]
[Black "Fischer, Kay"]
[Result "1-0"]
[WhiteElo "1813"]
[BlackElo "1886"]
[PlyCount "83"]
[EventDate "2011.??.??"]
[WhiteTeam "SV Jenapharm Jena"]
[BlackTeam "SV Medizin Erfurt"]

1. e4 e6 2. d3 d5 3. Nd2 c5 4. Ngf3 Nc6 5. g3 Nf6 6. Bg2 Be7 7. O-O O-O 8. Re1
Re8 9. e5 Nd7 10. Nf1 f6 11. exf6 Bxf6 12. Ne3 Nde5 13. Nxe5 Nxe5 14. f4 Nf7
15. Ng4 Bd4+ 16. Kh1 g6 17. Ne5 Qc7 18. Qe2 Nxe5 19. fxe5 Rf8 20. Bf4 Bxb2 21.
Rab1 Bc3 22. Rf1 b6 23. Rb3 Ba5 24. h4 Bb7 25. h5 Qg7 26. Qg4 Rae8 27. Kh2 Rf5
28. h6 Qe7 29. Qe2 Ref8 30. Bh3 R5f7 31. Qg4 Bc8 32. Bg5 Qc7 33. Bf6 Re8 34.
Qg5 d4 35. Rbb1 Qd7 36. Bg7 Ree7 37. Bf6 Re8 38. Bg7 Qd8 39. Bf6 Qd5 40. a3 a6
41. Bg2 Qd7 42. Be4 1-0